00556nam a2200145 a 450000500170000000800410001705000250005810000180008324500580010126000450015944000450020465000270024999900190027695201150029520140414132059.0100524s19uu xx 00 eng d aREF 004.03bC64 1993 aCohn, Zachary aThe illustrated dictionary of information technology. aWiltshire, UK :bMerlion pub ltd,c1993. aThe illustrated dictionaries of science. aInformation technology c114410d114410 001040aMUbMUcREFd2010-05-24eDonationl0oREF 004.03 C64 1993pM6226r2014-04-14 00:00:00w2014-04-14yBK